'A' in Disney Quiz Stats

 Plays Quiz Updated Feb 8, 2018

Score 0/20 Timer 10:00
7 Plays Today
Hint Answer % Correct
This little girl went down the rabbit holeAlice
97.8%
The continent on which “The Lion King” is setAfrica
97.6%
The Evil Queen gave Snow White this poisoned fruitApple
88.1%
Sleeping Beauty’s real nameAurora
87.8%
Elsa’s sister in “Frozen”Anna
87.4%
Robin Hood is an expert in this skillArchery
86.7%
The legendary lost city that Milo Thatch eventually discoveredAtlantis
84.9%
The type of nut that Chip and Dale are often seen gatheringAcorn
81.5%
The 1970 animated feature film that revolves around a family of high-born felinesAristocats
81.1%
“El Gaucho Goofy” is set in this South American countryArgentina
70.8%
Hint Answer % Correct
“Tarzan” was based on Edgar Rice Burroughs’ story titled “Tarzan of the ____Apes
70.5%
This 1992 hero has been described as a 'diamond in the rough'Aladdin
69.3%
California city where Disneyland is locatedAnaheim
66.6%
Louis from “The Princess and the Frog” is this type of animalAlligator
54.9%
This feline woman is the captain of the R.L.S. Legacy in “Treasure Planet”Amelia
52%
One of the two stepsisters of CinderellaAnastasia
45.9%
The city in which Jasmine, Jafar and the Sultan liveAgrabah
45.9%
Merlin’s pet owl in “The Sword in the Stone”Archimedes
37.3%
Any one of Ariel’s sistersAttina, Alana, Adella, Aquata, Arista or Andrina
27.6%
The leader of the Wolf Pack in 'The Jungle Book'Akela
17%

You're not logged in!

Compare scores with friends on all Sporcle quizzes.
Join for Free
OR
Log In

You Might Also Like...

Show Comments

Extras

Top Quizzes Today


Score Distribution

Your Account Isn't Verified!

In order to create a playlist on Sporcle, you need to verify the email address you used during registration. Go to your Sporcle Settings to finish the process.

Report this User

Report this user for behavior that violates our Community Guidelines.

Details: